[Event "Little Big Tourney I (2000/2300, 30+3)"]
[Site "SchemingMind.com"]
[Date "2011.02.17"]
[Round "-"]
[White "petros"]
[Black "Tschigorin"]
[Result "1-0"]
[WhiteCountry "GBR"]
[BlackCountry "GER"]
[WhiteElo "2349"]
[WhiteRD "82"]
[BlackElo "2105"]
[BlackRD "84"]
[GameID "275718"]

1. e4 e6 2. d4 d5 3. Nc3 Nf6 4. Bg5 Be7 5. e5 Nfd7 6. h4 Nc6 7. Bxe7 Qxe7 8. Qd2 Nb6 9. O-O-O Bd7 10. f4 O-O-O
11. Nf3 h5 12. a3 Kb8 13. Kb1 a6 14. Qe1 Rc8 15. Rh3 Na7 16. Bd3 c5 17. dxc5 Qxc5 18. Rg3 g6 19. Ng5 Qe7 20. Qe3 Nc4
21. Bxc4 Rxc4 22. Nxd5 exd5 23. e6 Rd8 24. Nxf7 Rf8 25. Ne5 Qxe6 26. Rxg6 Qf5 27. Nxc4 Qxg6 28. Nb6 Bc6 29. Qe5+
1-0

[Event "Little Big Tourney I (2000/2300, 30+3)"]
[Site "SchemingMind.com"]
[Date "2011.02.17"]
[Round "-"]
[White "Tschigorin"]
[Black "petros"]
[Result "0-1"]
[WhiteCountry "GER"]
[BlackCountry "GBR"]
[WhiteElo "2097"]
[WhiteRD "86"]
[BlackElo "2356"]
[BlackRD "87"]
[GameID "275719"]

1. d4 Nf6 2. c4 e6 3. g3 c5 4. Nf3 cxd4 5. Nxd4 d5 6. Nf3 Nc6 7. cxd5 Bb4+ 8. Nbd2 exd5 9. Bg2 O-O 10. O-O Be6
11. Nb3 Rc8 12. Bg5 h6 13. Bf4 Bd6 14. Bxd6 Qxd6 15. Rc1 Rfe8 16. e3 Ne4 17. Nbd4 Bg4 18. h3 Bd7 19. Qe2 a6 20. Rfd1 Qf6
21. Rc2 Nxd4 22. Nxd4 Rxc2 23. Qxc2 Rc8 24. Qe2 g6 25. Nf3 Bb5
0-1

[Event "Little Big Tourney I (2000/2300, 30+3)"]
[Site "SchemingMind.com"]
[Date "2011.02.17"]
[Round "-"]
[White "Bandit2"]
[Black "Tschigorin"]
[Result "1-0"]
[WhiteCountry "POL"]
[BlackCountry "GER"]
[WhiteElo "2328"]
[WhiteRD "94"]
[BlackElo "2105"]
[BlackRD "84"]
[GameID "276038"]

1. f4 d6 2. Nf3 Bg4 3. e4 Nf6 4. Nc3 e6 5. h3 Bxf3 6. Qxf3 Nc6 7. Bb5 a6 8. Bxc6+ bxc6 9. b3 d5 10. Bb2 Bb4
11. O-O O-O 12. e5 Nd7 13. Ne2 c5 14. Rad1 c6 15. c3 Ba5 16. d4 Bb6 17. Kh2 Ba7 18. f5 exf5 19. Qxf5 Bb8 20. Ng3 g6
21. Qg4 Qe7 22. Nf5 Qe6 23. Nh6+
1-0

[Event "Little Big Tourney I (2000/2300, 30+3)"]
[Site "SchemingMind.com"]
[Date "2011.02.16"]
[Round "-"]
[White "Bandit2"]
[Black "petros"]
[Result "1-0"]
[WhiteCountry "POL"]
[BlackCountry "GBR"]
[WhiteElo "2384"]
[WhiteRD "96"]
[BlackElo "2262"]
[BlackRD "99"]
[GameID "276039"]

1. f4 Nf6 2. Nf3 d6 3. g3 g6 4. Bg2 Bg7 5. O-O O-O 6. d3 c5 7. a4 Nc6 8. Na3 d5 9. c3 Qb6 10. Kh1 a6
11. Qc2 Na5 12. Be3 Ng4 13. Bg1 Qc7 14. Rac1 c4 15. dxc4 Bf5 16. Qd1 dxc4 17. Nd2 Rad8 18. e4 Be6 19. Qe2 Nh6 20. Nc2 Rxd2
21. Qxd2 Nb3 22. Qe2 Nxc1 23. Rxc1 Bg4 24. Qf1 Be6 25. h3 Rd8 26. Rd1 f6 27. Ne3 Rxd1 28. Qxd1 Nf7 29. Kh2 Kf8 30. f5 gxf5
31. exf5 Bc8 32. Nd5 Qd6 33. Qd4 b5 34. axb5 axb5 35. Qa7 Qd7 36. Qa8 Qb7 37. Qa3 Nd6 38. Nxf6 Qc7 39. Nd5 Qd7 40. g4 Be5+
41. Kh1 Bb7 42. Qc5 Ne8 43. Nb6 Bxg2+ 44. Kxg2 Qb7+ 45. Qd5 Qxd5+ 46. Nxd5 Nd6 47. Bh2 Bxh2 48. Kxh2 Kf7 49. Nc7 Kf6 50. Kg3 Ke5
51. Kh4 Kf6 52. Kh5 Kg7 53. Ne6+ Kg8 54. Nd4 Kg7 55. g5 Kg8 56. h4
1-0

[Event "Little Big Tourney I (2000/2300, 30+3)"]
[Site "SchemingMind.com"]
[Date "2011.02.18"]
[Round "-"]
[White "Tschigorin"]
[Black "Bandit2"]
[Result "0-1"]
[WhiteCountry "GER"]
[BlackCountry "POL"]
[WhiteElo "2109"]
[WhiteRD "95"]
[BlackElo "2377"]
[BlackRD "91"]
[GameID "276040"]

1. e4 g6 2. d4 Bg7 3. Nc3 d6 4. f4 a6 5. Nf3 b5 6. Bd3 Nd7 7. e5 c5 8. Be3 Bb7 9. Be4 Bxe4 10. Nxe4 Nh6
11. e6 fxe6 12. Neg5 Nf5 13. Qe2 Nf8 14. O-O-O h6 15. Nh3 Rc8 16. dxc5 Nxe3 17. Qxe3 Qc7 18. Nf2 Qxc5 19. Qxc5 Rxc5 20. Nd3 Rc7
21. Rhe1 Bf6 22. Re4 Kf7 23. Rde1 g5 24. a4 Ng6 25. axb5 axb5 26. Rb4 Rhc8 27. c3 gxf4 28. Rxb5 Bxc3 29. bxc3 Rxc3+ 30. Kd2 Rc2+
31. Kd1 Rxg2 32. Re2 Rxe2 33. Kxe2 e5 34. Nd2 Ke6 35. Nb4 Nh4 36. Nd3 Nf5 37. Kd1 Rc3 38. Nf2 d5
0-1

[Event "Little Big Tourney I (2000/2300, 30+3)"]
[Site "SchemingMind.com"]
[Date "2011.02.17"]
[Round "-"]
[White "petros"]
[Black "Bandit2"]
[Result "0-1"]
[WhiteCountry "GBR"]
[BlackCountry "POL"]
[WhiteElo "2323"]
[WhiteRD "95"]
[BlackElo "2377"]
[BlackRD "91"]
[GameID "276041"]

1. e4 g6 2. d4 Bg7 3. Nc3 d6 4. Be3 a6 5. Qd2 Nd7 6. a4 b6 7. Nf3 Bb7 8. Bc4 e6 9. Bg5 Ne7 10. O-O h6
11. Be3 Nf6 12. d5 exd5 13. exd5 Nf5 14. Nd4 Nxe3 15. Nc6 Nxc4 16. Qe2+ Ne5 17. Nxd8 Kxd8 18. f4 Ned7 19. Qc4 Ng8 20. Rad1 Ne7
21. Rfe1 Re8 22. g3 Nf6 23. Qf1 Nf5 24. Rxe8+ Kxe8 25. Qf3 Kf8 26. g4 Ne7 27. h3 Re8 28. Rd2 h5 29. g5 Nd7 30. Re2 Nf5
31. Rxe8+ Kxe8 32. b3 Kd8 33. Ne2 Nc5 34. b4 Nxa4 35. c4 b5 36. cxb5 axb5 37. Qd3 Nb6 38. Qxb5 Bxd5 39. Nc3 Bxc3
0-1

[Event "Little Big Tourney I (2000/2300, 30+3)"]
[Site "SchemingMind.com"]
[Date "2011.02.27"]
[Round "-"]
[White "BlackRussian"]
[Black "Tschigorin"]
[Result "1-0"]
[WhiteCountry "GBR"]
[BlackCountry "GER"]
[WhiteElo "2208"]
[WhiteRD "62"]
[BlackElo "2074"]
[BlackRD "91"]
[GameID "276568"]

1. e4 e6 2. d4 d5 3. Nd2 f5 4. exf5 exf5 5. Ngf3 Nf6 6. Bb5+ c6 7. Bd3 Bd6 8. O-O O-O 9. Re1 Re8 10. c3 Ne4
11. Qb3 Kh8 12. c4 Bc7 13. cxd5 cxd5 14. Ne5 Bxe5 15. dxe5 Qa5 16. Nf3 Nc6 17. Bf4 Be6 18. Qxb7 Nc5 19. Qb5 Rab8 20. Qxa5 Nxa5
21. Bf1 Rxb2 22. Be3 Ne4 23. Bxa7 g5 24. Reb1 Rxb1 25. Rxb1 Nc6 26. Bb5 Re7 27. Bxc6 Rxa7 28. Nd4 Bg8 29. Rb8 Nc3 30. Nxf5 Rxa2
31. h4 gxh4 32. e6 Ne2+ 33. Kh2
1-0

[Event "Little Big Tourney I (2000/2300, 30+3)"]
[Site "SchemingMind.com"]
[Date "2011.02.22"]
[Round "-"]
[White "BlackRussian"]
[Black "Bandit2"]
[Result "1/2-1/2"]
[WhiteCountry "GBR"]
[BlackCountry "POL"]
[WhiteElo "2128"]
[WhiteRD "71"]
[BlackElo "2257"]
[BlackRD "101"]
[GameID "276569"]

1. e4 g6 2. d4 Bg7 3. Nf3 d6 4. Nc3 a6 5. Be3 Nd7 6. Bd3 b5 7. a4 b4 8. Nd5 c5 9. dxc5 Nxc5 10. e5 Bb7
11. Bc4 e6 12. Nxb4 Qa5 13. Bd2 Qc7 14. exd6 Qxd6 15. O-O Bxb2 16. Rb1 Bg7 17. Nd3 Nxd3 18. cxd3 Bc6 19. Re1 Ne7 20. Bb4 Qd7
21. Qe2=
1/2-1/2

[Event "Little Big Tourney I (2000/2300, 30+3)"]
[Site "SchemingMind.com"]
[Date "2011.02.22"]
[Round "-"]
[White "BlackRussian"]
[Black "petros"]
[Result "1/2-1/2"]
[WhiteCountry "GBR"]
[BlackCountry "GBR"]
[WhiteElo "2179"]
[WhiteRD "64"]
[BlackElo "2320"]
[BlackRD "76"]
[GameID "276570"]

1. e4 e6 2. d4 d5 3. Nd2 c5 4. exd5 Qxd5 5. Ngf3 cxd4 6. Bc4 Qd6 7. O-O Nf6 8. Nb3 Nc6 9. Nbxd4 Nxd4 10. Nxd4 a6
11. Nf3 b5 12. Bd3 Bb7 13. Qe2 Be7 14. Rd1 Qc6 15. Bg5 O-O 16. Rac1 h6 17. Bf4 Nd5 18. Bd2 Nb6 19. b3 Rfd8 20. Ba5 Rac8
21. h3 Bf6 22. c3 Rd6 23. Bxb6 Qxb6 24. c4 bxc4 25. Bxc4 Rcd8 26. Rxd6 Qxd6 27. Rc2 a5 28. Rd2 Qa3 29. Rxd8+ Bxd8 30. Qc2 Bxf3
31. gxf3 Qc5 32. Qd2 Bc7 33. Qe3 Qd6 34. f4 Qxf4 35. Qxf4 Bxf4 36. Kg2=
1/2-1/2

[Event "Little Big Tourney I (2000/2300, 30+3)"]
[Site "SchemingMind.com"]
[Date "2011.02.27"]
[Round "-"]
[White "Tschigorin"]
[Black "BlackRussian"]
[Result "0-1"]
[WhiteCountry "GER"]
[BlackCountry "GBR"]
[WhiteElo "2074"]
[WhiteRD "91"]
[BlackElo "2208"]
[BlackRD "62"]
[GameID "276571"]

1. d4 Nf6 2. c4 e6 3. g3 d5 4. Bg2 Be7 5. Nf3 O-O 6. O-O Nbd7 7. Qc2 c6 8. b3 b6 9. Bb2 Ba6 10. a4 Rc8
11. Rd1 Qc7 12. Na3 h6 13. Rac1 Rfe8 14. Nd2 Bb4 15. e4 Bxd2 16. Rxd2 dxe4 17. Bxe4 Nxe4 18. Qxe4 Nf6 19. Qf3 Rcd8 20. Re2 Bb7
21. c5 Rd5 22. Re5 bxc5 23. Rxd5 exd5 24. dxc5 Ne4 25. b4 Bc8 26. Re1 a5 27. Qd3 axb4 28. Qd4 f6 29. Qxb4 Ba6 30. Qb6 Qc8
31. Nc2 Bd3 32. Ne3 Ng5
0-1

[Event "Little Big Tourney I (2000/2300, 30+3)"]
[Site "SchemingMind.com"]
[Date "2011.02.22"]
[Round "-"]
[White "Bandit2"]
[Black "BlackRussian"]
[Result "1/2-1/2"]
[WhiteCountry "POL"]
[BlackCountry "GBR"]
[WhiteElo "2257"]
[WhiteRD "101"]
[BlackElo "2128"]
[BlackRD "71"]
[GameID "276572"]

1. f4 d5 2. Nf3 Nf6 3. g3 g6 4. Bg2 Bg7 5. O-O Nc6 6. d3 Qd6 7. Kh1 O-O 8. Na3 a6 9. c3 Bd7 10. Qc2 Ng4
11. e4 dxe4 12. dxe4 Qc5 13. h3 Nf6 14. g4 Rad8 15. b4 Nxb4 16. cxb4 Qxc2 17. Nxc2 Nxe4 18. Be3 Ng3+ 19. Kg1 Nxf1 20. Rxf1 Be6
21. a3 Bd5 22. Rc1 Rd7 23. Kf2=
1/2-1/2

[Event "Little Big Tourney I (2000/2300, 30+3)"]
[Site "SchemingMind.com"]
[Date "2011.02.22"]
[Round "-"]
[White "petros"]
[Black "BlackRussian"]
[Result "1/2-1/2"]
[WhiteCountry "GBR"]
[BlackCountry "GBR"]
[WhiteElo "2318"]
[WhiteRD "85"]
[BlackElo "2138"]
[BlackRD "68"]
[GameID "276573"]

1. e4 c5 2. Nf3 e6 3. d4 cxd4 4. Nxd4 Nf6 5. Nc3 Nc6 6. Nxc6 bxc6 7. e5 Nd5 8. Ne4 Qc7 9. f4 Qb6 10. c4 Bb4+
11. Ke2 f5 12. exf6 Nxf6 13. Be3 Qd8 14. Nd6+ Bxd6 15. Qxd6 Bb7 16. Kd1 Rc8 17. c5 Nd5 18. Bd2 Kf7 19. Bd3 Qc7 20. Qe5 Qxe5=
1/2-1/2

[Event "Little Big Tourney I (2000/2300, 30+3)"]
[Site "SchemingMind.com"]
[Date "2011.03.10"]
[Round "-"]
[White "Tuisceanach44"]
[Black "Tschigorin"]
[Result "0-1"]
[WhiteCountry "IRL"]
[BlackCountry "GER"]
[WhiteElo "1936"]
[WhiteRD "70"]
[BlackElo "2119"]
[BlackRD "86"]
[GameID "277638"]

1. d4 Nf6 2. Bg5 e6 3. e4 h6 4. Bxf6 Qxf6 5. Nf3 d5 6. e5 Qd8 7. Bd3 c5 8. c3 Be7 9. Nbd2 O-O 10. Qe2 Nc6
11. O-O= Qb6 12. Rab1 cxd4 13. cxd4 Nxd4 14. Nxd4 Qxd4 15. Nf3 Qb6 16. a3 Bd7 17. b4 Rfc8 18. Rfc1 Qd8 19. Nd4 Rxc1+ 20. Rxc1 Rc8
21. Rxc8 Qxc8 22. Qb2 Bg5 23. Ne2 Qc7 24. g3 Be7 25. h3 f6 26. exf6 Bxf6 27. Qb3 Qe5 28. Qc2 Qa1+ 29. Kh2 Qxa3
0-1

[Event "Little Big Tourney I (2000/2300, 30+3)"]
[Site "SchemingMind.com"]
[Date "2011.03.05"]
[Round "-"]
[White "Tuisceanach44"]
[Black "Bandit2"]
[Result "0-1"]
[WhiteCountry "IRL"]
[BlackCountry "POL"]
[WhiteElo "1936"]
[WhiteRD "70"]
[BlackElo "2368"]
[BlackRD "89"]
[GameID "277639"]

1. d4 g6 2. c4 Bg7 3. e4 d6 4. Nf3 Bg4 5. Be2 Nc6 6. Be3 e5 7. d5 Bxf3 8. Bxf3 Nd4 9. O-O c5 10. Nc3 Ne7
11. a3 O-O 12. Rc1 f5 13. b4= b6 14. Bg5 f4 15. Bg4 h6 16. Bxe7 Qxe7 17. Ne2 f3 18. Nxd4 fxg2 19. Kxg2 cxd4 20. Be6+ Kh7
21. Rc2 a5 22. b5 Rf4 23. f3 Raf8 24. Kh1 Bf6 25. Rd2 Bg5 26. Rd3 Qc7 27. Qc1 Rh4 28. Qc2 Rxe4 29. fxe4 Rxf1+ 30. Kg2 Rc1
31. Qf2 Bf4
0-1

[Event "Little Big Tourney I (2000/2300, 30+3)"]
[Site "SchemingMind.com"]
[Date "2011.03.06"]
[Round "-"]
[White "Tuisceanach44"]
[Black "petros"]
[Result "1/2-1/2"]
[WhiteCountry "IRL"]
[BlackCountry "GBR"]
[WhiteElo "1930"]
[WhiteRD "62"]
[BlackElo "2320"]
[BlackRD "76"]
[GameID "277640"]

1. d4 Nf6 2. c4 e6 3. Nf3 d5 4. Bg5 Nbd7 5. Nc3 c6 6. e3 Qa5 7. Nd2 Bb4 8. Qc2 O-O 9. Be2 h6 10. Bh4 Qc7
11. O-O Bd6 12. Nf3 b6 13. h3=
1/2-1/2

[Event "Little Big Tourney I (2000/2300, 30+3)"]
[Site "SchemingMind.com"]
[Date "2011.03.07"]
[Round "-"]
[White "Tuisceanach44"]
[Black "BlackRussian"]
[Result "0-1"]
[WhiteCountry "IRL"]
[BlackCountry "GBR"]
[WhiteElo "2015"]
[WhiteRD "71"]
[BlackElo "2138"]
[BlackRD "68"]
[GameID "277641"]

1. d4 Nf6 2. Bg5 Ne4 3. Bf4 d5 4. e3 Bf5 5. Nd2 Nxd2 6. Qxd2 e6 7. Bd3 Bxd3 8. Qxd3 c5 9. dxc5 Na6 10. c6 Qa5+
11. c3 bxc6 12. Nf3 Nc5 13. Qc2 Qa6 14. Nd2 Nd3+ 15. Kd1 Nxf2+
0-1

[Event "Little Big Tourney I (2000/2300, 30+3)"]
[Site "SchemingMind.com"]
[Date "2011.03.10"]
[Round "-"]
[White "Tschigorin"]
[Black "Tuisceanach44"]
[Result "1-0"]
[WhiteCountry "GER"]
[BlackCountry "IRL"]
[WhiteElo "2105"]
[WhiteRD "84"]
[BlackElo "1970"]
[BlackRD "64"]
[GameID "277642"]

1. e4 e6 2. d4 d5 3. Nc3 Nf6 4. Bg5 Be7 5. e5 Nfd7 6. h4 O-O 7. Qh5 c5 8. Bd3 g6 9. Qh6 cxd4 10. f4 Re8
11. Bxe7 Qxe7 12. Nb5 Nc5 13. Nd6 Nxd3+ 14. cxd3 Rd8 15. h5 Nc6 16. Nf3 Qf8 17. hxg6 Qxh6 18. gxf7+ Kg7 19. Rxh6 Kxh6 20. Ne8
1-0

[Event "Little Big Tourney I (2000/2300, 30+3)"]
[Site "SchemingMind.com"]
[Date "2011.03.05"]
[Round "-"]
[White "Bandit2"]
[Black "Tuisceanach44"]
[Result "1-0"]
[WhiteCountry "POL"]
[BlackCountry "IRL"]
[WhiteElo "2368"]
[WhiteRD "89"]
[BlackElo "1936"]
[BlackRD "70"]
[GameID "277643"]

1. f4 d5 2. Nf3 g6 3. g3 Bg7 4. Bg2 Nf6 5. O-O c6 6. d3 Bg4 7. Nc3 O-O 8. Qe1 Nbd7 9. e4 dxe4 10. dxe4 Bxf3
11. Bxf3 e5 12. Be3 Re8= 13. f5 gxf5 14. exf5 Qc7 15. Rd1 Nb6 16. Bg5 Nbd5 17. Bxd5 cxd5 18. Bxf6 Qc5+ 19. Qf2 Qxf2+ 20. Kxf2 Bxf6
21. Nxd5 Bd8 22. Kf3 Rc8 23. c3 Rc6 24. a4 a5 25. Rfe1 Rh6 26. h4 Rc6 27. Ne3 Bb6 28. Ng4 f6 29. Rd7 Bc7 30. Rxc7
1-0

[Event "Little Big Tourney I (2000/2300, 30+3)"]
[Site "SchemingMind.com"]
[Date "2011.03.06"]
[Round "-"]
[White "petros"]
[Black "Tuisceanach44"]
[Result "1-0"]
[WhiteCountry "GBR"]
[BlackCountry "IRL"]
[WhiteElo "2343"]
[WhiteRD "79"]
[BlackElo "1951"]
[BlackRD "62"]
[GameID "277644"]

1. e4 c5 2. Nf3 d6 3. d4 cxd4 4. Nxd4 Nf6 5. Nc3 g6 6. f3 Bg7 7. Be3 Nc6 8. Bc4 O-O 9. Qd2 Bd7 10. h4 Rc8
11. Bb3 h5 12. O-O-O Ne5 13. Bg5 Nc4 14. Qe2 Na5 15. Kb1 Nxb3 16. axb3 Qa5 17. Bxf6 Bxf6 18. Nd5 Kg7 19. b4 Qa4 20. Nxf6 Kxf6
21. e5+ dxe5 22. Rhe1 e6 23. Qxe5+ Ke7 24. Qg5+ Ke8 25. f4 Qxb4 26. f5 Rc5 27. Nxe6 fxe6 28. Qxg6+ Kd8 29. Rxd7+
1-0

[Event "Little Big Tourney I (2000/2300, 30+3)"]
[Site "SchemingMind.com"]
[Date "2011.03.10"]
[Round "-"]
[White "BlackRussian"]
[Black "Tuisceanach44"]
[Result "1-0"]
[WhiteCountry "GBR"]
[BlackCountry "IRL"]
[WhiteElo "2191"]
[WhiteRD "57"]
[BlackElo "1970"]
[BlackRD "64"]
[GameID "277645"]

1. e4 e6 2. d4 d5 3. Nd2 Be7 4. Ngf3 Nf6 5. Bd3 c5 6. dxc5 Bxc5 7. O-O dxe4 8. Nxe4 Nxe4 9. Bxe4 O-O 10. Qe2 Qc7
11. Be3 Bd6 12. c3 Nc6 13. Rad1 Ne5 14. Nxe5 Bxe5 15. f4 Bf6 16. Qb5 Bd8 17. Rd2 a6= 18. Qb3 Rb8 19. Rfd1 b5 20. Qc2 g6
21. Rd6 Bf6 22. Rc6 Qa5 23. b4 Qa3 24. Rc7 e5 25. Ba7 Bg4 26. Rd6 Rbc8 27. Rxc8 Rxc8 28. Rxf6 Rxc3 29. Qd2 Rc1+ 30. Kf2 Rd1
31. Qc2 Qxb4 32. Kg3 Rd2 33. Qc7 Be6 34. Qb8+ Qf8 35. Qxe5 Rxa2 36. Rxe6 Ra3+ 37. Kf2 fxe6 38. Qxe6+ Qf7 39. Qc8+
1-0

[Event "Little Big Tourney I (2000/2300, 30+3)"]
[Site "SchemingMind.com"]
[Date "2011.03.11"]
[Round "-"]
[White "Uzi Mike"]
[Black "Tschigorin"]
[Result "1-0"]
[WhiteCountry "USA"]
[BlackCountry "GER"]
[WhiteElo "2292"]
[WhiteRD "75"]
[BlackElo "2119"]
[BlackRD "86"]
[GameID "277714"]

1. Nf3 d6 2. g3 e5 3. Bg2 f5 4. c4 Nf6 5. d3 Be7 6. h4 O-O 7. h5 a5 8. h6 g6 9. Nc3 c6 10. Bg5 Be6
11. Qd2 Na6 12. O-O Nh5 13. Bxe7 Qxe7 14. Qg5 Rae8 15. Rad1 Nf6 16. Qh4 Kh8 17. Ng5 Ng8 18. b3 Rf6 19. d4 Bc8 20. Na4 e4
21. Nb6 Qf8 22. f3 exf3 23. exf3 Qxh6 24. Qxh6 Nxh6 25. Rfe1 Rff8 26. d5 c5 27. Rxe8 Rxe8 28. Kf2 Nb4 29. Rh1 Nd3+ 30. Kg1
1-0

[Event "Little Big Tourney I (2000/2300, 30+3)"]
[Site "SchemingMind.com"]
[Date "2011.03.06"]
[Round "-"]
[White "Uzi Mike"]
[Black "Bandit2"]
[Result "1/2-1/2"]
[WhiteCountry "USA"]
[BlackCountry "POL"]
[WhiteElo "2298"]
[WhiteRD "71"]
[BlackElo "2350"]
[BlackRD "89"]
[GameID "277715"]

1. e4 g6 2. d4 Bg7 3. Nc3 d6 4. Nf3 a6 5. a4 b6 6. Bc4 e6 7. O-O Nd7 8. Re1 Ne7 9. d5 e5 10. h4 h6
11. Qe2 O-O 12. h5 g5 13. g4 c6 14. dxc6 Nf6 15. Nh2 Nxc6 16. Nd5 Nd4 17. Qd1 Rb8 18. Nxf6+ Bxf6 19. c3 Qc7 20. Ba2 Ne6
21. Nf1 Nf4= 22. Ne3 Be6 23. Nd5 Nxd5 24. Bxd5 Be7 25. Kg2 Kg7 26. f3 Rfc8 27. Re3 a5 28. Bxe6 fxe6 29. b3 Rd8 30. Qe2 Bf6
31. Qc2 Kg8 32. Rd3 d5 33. Bb2 Rd7 34. Rad1 Rbd8=
1/2-1/2

[Event "Little Big Tourney I (2000/2300, 30+3)"]
[Site "SchemingMind.com"]
[Date "2011.03.07"]
[Round "-"]
[White "Uzi Mike"]
[Black "petros"]
[Result "0-1"]
[WhiteCountry "USA"]
[BlackCountry "GBR"]
[WhiteElo "2308"]
[WhiteRD "71"]
[BlackElo "2323"]
[BlackRD "95"]
[GameID "277716"]

1. Nf3 d5 2. g3 Nf6 3. Bg2 c6 4. c4 dxc4 5. Na3 b5 6. O-O Bb7 7. b3 cxb3 8. Qxb3 e6 9. d4 Qb6 10. Nc2 Nbd7
11. Rb1 a6 12. a4 Be7 13. Be3 O-O 14. Rfc1 Nd5 15. Bg5 Bxg5 16. Nxg5 h6 17. Ne4 Rab8 18. Nd6 Ba8 19. Be4 c5 20. Nf5 bxa4
21. Qxb6 N7xb6 22. Nd6 Nc3 23. Bxa8 Nxb1 24. Bg2 Nc3 25. Bf3 Nc8 26. Nc4 cxd4 27. Nxd4 Rb1 28. Rxb1 Nxb1 29. Nc2 Rd8 30. Bc6 Nc3
31. N4e3 Nxe2+ 32. Kg2 Nb6 33. Bb7 a5 34. Kf1 Nc3
0-1

[Event "Little Big Tourney I (2000/2300, 30+3)"]
[Site "SchemingMind.com"]
[Date "2011.03.06"]
[Round "-"]
[White "Uzi Mike"]
[Black "BlackRussian"]
[Result "1/2-1/2"]
[WhiteCountry "USA"]
[BlackCountry "GBR"]
[WhiteElo "2298"]
[WhiteRD "71"]
[BlackElo "2180"]
[BlackRD "62"]
[GameID "277717"]

1. d4 Nf6 2. c4 e6 3. Nc3 d5 4. cxd5 exd5 5. Bg5 c6 6. e3 h6 7. Bh4 Be7 8. Bd3 O-O 9. Nge2 Na6 10. a3 Nc7
11. Qc2 Ne6 12. O-O Bd6 13. f3 Re8 14. b4 a6 15. Rab1 Ng5 16. f4 Ne6 17. Bh7+ Kh8 18. Bd3 Nc7 19. Nd1 Nb5 20. Rb3 Be7
21. a4 Nd6 22. b5 axb5 23. axb5 Bd7 24. bxc6 Bxc6 25. Nec3 Ng4 26. Bg3 Bh4 27. Qe2 Bxg3 28. Qxg4 Bh4 29. Qh5 Bf6 30. g4 Nc4
31. g5 Nd2 32. Qxf7 Nxb3 33. Qg6 Kg8 34. Qh7+ Kf8 35. Bg6 Nd2 36. Rf2 Nc4 37. Bh5 Bxd4 38. exd4 Re1+ 39. Kg2 b5 40. h4 Ke7
41. f5 Kd6 42. Qg6+ Kc7 43. Qxg7+ Kb6 44. f6 hxg5 45. f7 Qf8 46. Qxf8 Rxf8 47. hxg5 Ne5 48. Rf6 b4 49. Na4+ Kb5 50. Ndb2 Nxf7
51. g6 Be8 52. gxf7 Bxf7 53. Rxf7 Rxf7 54. Bxf7 Re4 55. Bxd5 Rxd4 56. Bb3 Rh4 57. Nd3 Rd4= 58. Nab2 Re4 59. Kf3 Rh4 60. Ba4+ Kb6
61. Ke2 Rh2+ 62. Ke3 Ka5 63. Kd4 Rh4+ 64. Kc5 Rh5+ 65. Kc4 Rh4+ 66. Kb3 Kb6 67. Nc4+ Kc7 68. Kxb4 Kd8 69. Bc6 Ke7 70. Kc5 Rh8
71. Kd4 Rh4+ 72. Be4 Rxe4+ 73. Kxe4=
1/2-1/2

[Event "Little Big Tourney I (2000/2300, 30+3)"]
[Site "SchemingMind.com"]
[Date "2011.03.06"]
[Round "-"]
[White "Uzi Mike"]
[Black "Tuisceanach44"]
[Result "1-0"]
[WhiteCountry "USA"]
[BlackCountry "IRL"]
[WhiteElo "2292"]
[WhiteRD "75"]
[BlackElo "1936"]
[BlackRD "70"]
[GameID "277718"]

1. e4 e6 2. d4 d5 3. e5 c5 4. c3 Nc6 5. Be3 Qb6 6. Qd2 f6 7. Nf3 fxe5 8. dxe5 Nh6 9. Bxh6 gxh6 10. c4 d4
11. Na3 a6= 12. O-O-O Bg7 13. Qf4 Qc7 14. Re1 Nb4 15. Kb1 Bd7 16. Nc2 a5 17. Qg4 O-O 18. a3 Nxc2 19. Kxc2 Rf7 20. Bd3 Raf8
21. Kb1 Rf4 22. Qh3 Qc6 23. Rhf1 a4 24. Ng5 Rxf2 25. Rxf2 Rxf2 26. Bxh7+ Kh8 27. Ne4 Rxb2+ 28. Kxb2 Kxh7 29. g4 Qb6+ 30. Ka1
1-0

[Event "Little Big Tourney I (2000/2300, 30+3)"]
[Site "SchemingMind.com"]
[Date "2011.03.11"]
[Round "-"]
[White "Tschigorin"]
[Black "Uzi Mike"]
[Result "0-1"]
[WhiteCountry "GER"]
[BlackCountry "USA"]
[WhiteElo "2119"]
[WhiteRD "86"]
[BlackElo "2292"]
[BlackRD "75"]
[GameID "277719"]

1. d4 Nf6 2. c4 e6 3. g3 d5 4. Bg2 Be7 5. Nf3 O-O 6. O-O dxc4 7. Qc2 a6 8. a4 Bd7 9. Qxc4 Bc6 10. Bg5 Bd5
11. Qd3 c5 12. Nc3 Bc6 13. Rfd1 Qa5 14. dxc5 Nbd7 15. e4 h6 16. Bxf6 Bxf6 17. Nd4 Rfd8 18. Nxc6 bxc6 19. Qe3 Rab8 20. Rab1 Qb4
21. Kh1 e5 22. Bf1 Nxc5 23. Rdc1 Bg5 24. f4 Bf6 25. Be2 Qd4 26. Qf3 Nb3 27. Rd1 Nd2 28. Qg2 Qe3
0-1

[Event "Little Big Tourney I (2000/2300, 30+3)"]
[Site "SchemingMind.com"]
[Date "2011.03.07"]
[Round "-"]
[White "Bandit2"]
[Black "Uzi Mike"]
[Result "1-0"]
[WhiteCountry "POL"]
[BlackCountry "USA"]
[WhiteElo "2322"]
[WhiteRD "96"]
[BlackElo "2236"]
[BlackRD "74"]
[GameID "277720"]

1. f4 Nf6 2. Nf3 g6 3. g3 Bg7 4. Bg2 O-O 5. O-O d5 6. d3 c5 7. Nc3 d4 8. Ne4 Nxe4 9. dxe4 Nc6 10. a3 e5
11. f5 c4 12. g4 Bd7 13. Kh1 Qb6 14. Qe1 a5 15. Nh4 Rfe8 16. Qg3 Nd8 17. c3 Qb3 18. a4= Bxa4 19. f6 Bf8 20. Nf5 gxf5
21. gxf5+ Kh8 22. Bf3 Qd1 23. Rxd1
1-0

[Event "Little Big Tourney I (2000/2300, 30+3)"]
[Site "SchemingMind.com"]
[Date "2011.03.07"]
[Round "-"]
[White "petros"]
[Black "Uzi Mike"]
[Result "1-0"]
[WhiteCountry "GBR"]
[BlackCountry "USA"]
[WhiteElo "2280"]
[WhiteRD "97"]
[BlackElo "2267"]
[BlackRD "74"]
[GameID "277721"]

1. e4 Nf6 2. e5 Nd5 3. d4 d6 4. Nf3 Bg4 5. Be2 e6 6. O-O Be7 7. c4 Nb6 8. exd6 cxd6 9. Nc3 O-O 10. Bf4 a6
11. h3 Bxf3 12. Bxf3 Nxc4 13. Bxb7 Ra7 14. Bf3 d5 15. b3 Nb6 16. Qd3 Nc6 17. Rac1 Bg5 18. Bxg5 Qxg5 19. Na4 Nb4 20. Qb1 Nxa4
21. bxa4 a5 22. a3 Na6 23. Qb6 Qe7 24. Rc3 Qb7 25. Qxa5 Nb8 26. Qb5 Qa8 27. Rfc1 Rb7 28. Qc5 Qxa4 29. Qd6 Qd7 30. Qf4 Qe7
31. Bd1 Nd7 32. a4 Rb4 33. Rc7 Rb2 34. Qe3 Rfb8 35. Rc8+ Rxc8 36. Rxc8+ Nf8 37. Qc1 Rb4 38. a5 Rxd4 39. a6 h5 40. Bc2 Rb4
41. Qa1 Qd7 42. Rxf8+ Kxf8 43. a7
1-0